|
|
|
|
| LEADER |
00000nam a2200000 a 4500 |
| 001 |
vtls001461020 |
| 003 |
SK-MaSNL |
| 005 |
20260301014128.0 |
| 008 |
251031s2003 xo gr 0 slo |
| 015 |
|
|
|a SNBA2004/01-00471
|
| 020 |
|
|
|a 8088891566
|
| 035 |
|
|
|a SNK000416327
|
| 040 |
|
|
|a SNK
|b slo
|c SNK
|e AACR2
|
| 041 |
0 |
|
|a slo
|
| 044 |
|
|
|a xo
|c SK
|
| 072 |
|
7 |
|a 29
|x Moderné duchovné hnutia
|2 konspekt
|
| 080 |
|
|
|a 2
|2 2. slo
|
| 080 |
|
|
|a 133
|2 2. slo
|
| 080 |
|
|
|a 2-468.6
|2 1981
|
| 080 |
|
|
|a 133
|2 1981
|
| 080 |
|
|
|a 299.94
|2 1981
|
| 080 |
|
|
|a (048.8)
|2 1981
|
| 100 |
1 |
|
|a Seibel, Alexander,
|d 1943-
|4 aut
|9 48346
|
| 240 |
1 |
0 |
|a Die sanfte Verführung der Gemeinde
|l Slovensky
|
| 245 |
1 |
0 |
|a Nebadané zvedenie zborov (cirkvi Pána Ježiša)
|b torontské požehnanie : [pasivita New Age, Zázračné uzdravenia]]
|c Alexander Seibel
|
| 250 |
|
|
|a [1. vyd.]
|
| 260 |
|
|
|a Bratislava
|b MSEJK
|c 2003
|
| 300 |
|
|
|a 96 s.
|c 18 cm
|
| 504 |
|
|
|a Bibliogr. s. 90-96
|
| 650 |
0 |
7 |
|a uzdravovanie
|x výklady
|2 SNK
|9 301908
|
| 650 |
0 |
7 |
|a uzdravovanie
|x ezoterické aspekty
|2 SNK
|9 301909
|
| 650 |
0 |
7 |
|a New Age
|2 SNK
|9 49813
|
| 655 |
|
7 |
|a príručky
|2 SNK
|9 74364
|
| 655 |
|
7 |
|a monografie
|2 SNK
|9 70139
|
| 730 |
|
|
|t Die sanfte Verführung der Gemeinde
|9 301910
|
| 919 |
|
|
|a 80-88891-56-6
|
| 958 |
|
|
|a OP
|
| 958 |
|
|
|a NS
|
| 958 |
|
|
|a NB
|
| 958 |
|
|
|a NT
|
| 968 |
|
|
|d 2
|
| 999 |
|
|
|c 557913
|d 559843
|
| 952 |
|
|
|t P60, <03>, [BOOK], {603}
|a SNK
|b SNK
|y PREZ
|7 0
|p 17A0399515
|o snkSD 73270
|i snkKSP 13066/2003
|0 0
|1 0
|4 0
|d 2003-10-10
|l 0
|r 2025-11-20 00:00:00
|w 2026-02-23
|
| 952 |
|
|
|t P60, <04>, [BOOK], {604}
|a SNK
|b SNK
|y VYP
|7 0
|p 17A0399529
|o snkSD 73270 D1
|i snkKSP 13067/2003
|0 0
|1 0
|4 0
|d 2003-10-10
|l 0
|r 2005-01-02 00:00:00
|w 2026-02-23
|
| 952 |
|
|
|t P60, <04>, [BOOK], {604}
|a SNK
|b SNK
|y VYP
|7 0
|p 17A0399513
|o snkSD 73270 D2
|i snkKSP 13068/2003
|0 0
|1 0
|4 0
|d 2003-10-10
|l 0
|r 2005-01-02 00:00:00
|w 2026-02-23
|